| 000 | 00582nam a2200205Ia 4500 | ||
|---|---|---|---|
| 003 | GCL | ||
| 008 | 140319s9999 xx 000 0 ara d | ||
| 040 |
_aGCL / _cGCL |
||
| 082 | 0 | 4 |
_a813.00901 _bس ا |
| 100 | 1 | _aسيد حامد النساج | |
| 245 | 1 | 0 |
_aاتجاهات القصه المصرية القصيره / _cسيد حامد النساج |
| 300 | _a369 ص | ||
| 490 | _a | ||
| 650 | 0 | 4 | _aالادب العربى |
| 650 | 0 | 4 | _aالقصص العربية |
| 650 | 0 | 4 | _aمصر |
| 650 | 0 | 4 | _aالقصة القصيرة |
| 650 | 0 | 4 | _aتاريخ ونقد |
| 942 |
_2ddc _cBK |
||
| 999 |
_c39044 _d39044 |
||